000 00627nas a22001817a 4500
008 130426t20099999ag ||||| |||| 00| 0 spa d
245 _aColeccion Acontecimientos Terapeuticos
260 _aBuenos Aires,
_bSociedad Iberoamericana de Informacion Cientifica:
_c2009
300 _av. :
440 _aClinica y Diagnostico de la Osteoporosis
_92077
546 _aespaƱol
590 _aExistencias: 2009 (1 ejemplar)
590 _aIndizada en: SIIC Data Bases
650 _aOSTEOPOROSIS-CLINICA
_92078
650 _aOSTEOPOROSIS-DIAGNOSTICO
_92079
856 _uhttp://www.siicsalud.com/lmr/siicdatabases.php
942 _2ddc
_cCR
999 _c1350
_d1350